| 000 | 00789nam a2200289Ia 4500 | ||
|---|---|---|---|
| 001 | 23133 | ||
| 003 | IT-RoPAU | ||
| 008 | 130308s9999 xx 000 0 und d | ||
| 040 | _aIT-RoPAU | ||
| 040 | _cIT-RoPAU | ||
| 041 | _aINGLESE | ||
| 100 | _aGardner Carl | ||
| 100 | _gCodice Aut. SPICS: 6549 | ||
| 245 | _aIt Ain't Half a Hot Potato, Mum | ||
| 245 | _bIt Ain'T Half Racist, Mum-Fighting Racism in The Media | ||
| 250 | _a1a ed. | ||
| 260 | _aLONDON | ||
| 260 | _bComedia Publishing Group | ||
| 260 | _c1982 [1° Ed.:1982 - Ed.Ling.Originale:1982] | ||
| 300 | _a"5 p. (prefazione: no ; testo: 5 [pagine: 85-89])" | ||
| 650 | _aSAGGI DI COMUNICAZIONE SOCIALE | ||
| 650 | _eCodice materia Spics: 3807 | ||
| 942 | _cBK | ||
| 957 | _71 | ||
| 999 |
_c45097 _d45097 |
||
| 999 | _bSI | ||
| 999 | _g1 | ||